000 00402nam a2200145Ia 4500
008 220217s9999||||xx |||||||||||||| ||und||
020 _a81-8404-438-0
082 _a005.13 LIB
100 _aLiberty, Jesse and Xie, Donald
_95962
245 0 _aProgramming C# 3.0
250 _a5th
260 _aShroff publishers and dis. Pvt.
_bMumbai
_c2008
300 _b525
650 _aPROGRAMMING LANGUAGE
999 _c177206
_d177206